000 00757nam a2200241Ia 4500
001 dia_4224
003 CHAP
005 20251029170645.0
008 220117s1989 xx 000 0 und d
010 _a174865
040 _cCHAP
_amxchpua
_erda
090 _aFOLLETO 2726
100 _aCamacho Casas, Miguel
_9155752
245 _aGuía para producir trigo en el sur de Sonora /
_c Miguel Camacho Casas
260 _aMéxico :
_b SARH, Instituto nacional de investigaciones agrícolas y agropecuarias,
_c1989
300 _a28 p.
500 _aD. (Folleto para productores, 20)
650 _aTrigo
_9114954
901 _aFOLLETO 2726
902 _aM
905 _a0000001989 mx 0000000000spa00
942 _cFOLL
_2local
999 _c174865
_d174865